000 00997nam2a22002651 4500
001 RU\NLR\INFOCOMM15\5000208075
005 20041102122917.0
035 _a(NLR Aleph) 002575630
090 _a3229151
_c3229151
100 _a20041020d1964 |||y0rusy50 ca
101 0 _arus
_aeng
102 _aRU
105 _ay ||||000|y
200 1 _aПроверка дисперсионных соотношений в области малых углов и больших энергий
_fВ.С. Барашенков и В.И. Дедю
_gЛаборатория теорет. физики
210 _d1964
461 0 _1001RU\NLR\INFOCOMM15\1000176112
_12001#$aИздания$fОбъедин. ин-т ядерных исследований$vР-­1598
700 1 _aБарашенков
_bВ. С.
_4070
701 1 _aДедю
_bВ. И.
_4070
801 0 _aRU
_bNLR
_gPSBO
801 1 _aRU
_bInfoComm
_c20041020
852 _aNLR
_jП11/2061
942 _cISSUE
980 _aNB
980 _aRUSPER